| 000 | 00600nam a2200205 a 4500 | ||
|---|---|---|---|
| 005 | 20230920064156.0 | ||
| 008 | 991125s1970 mx 000 0 spa u | ||
| 035 | _aUPN01000044794 | ||
| 049 | _aCG | ||
| 050 | 4 |
_aLA422 _bP44 |
|
| 245 | 0 | 0 |
_aPlan nacional de educación : _bservicios educativos complementarios III. |
| 260 |
_aMéxico : _b[s.n., _c197?] |
||
| 300 |
_a102 p. : _btablas |
||
| 500 | _aFotocopia | ||
| 610 | 2 | 4 |
_aPLAN NACIONAL DE EDUCACION (MEXICO) _923678 |
| 650 | 4 |
_aEducación y Estado _zMéxico _9476 |
|
| 650 | 4 |
_aEducación y Estado _919 |
|
| 905 | _aLibro | ||
| 999 |
_c44794 _d44794 |
||